Naprsquaw. 1, Čas voní dálkou /

Main Author: Vaňková, Ludmila, 1927-2022
Other Authors: Rytina, Václav, 1945-2004
Language: Czech
Published: Praha : Šulc a spol., 1995
Edition: Vyd. 1.
Online Access: Digitalizovaný dokument
Physical Description: 453 s. : il. ; 21 cm
Book
Saved in:
LEADER 01697nam a2200469 a 4500
001 000032932
003 CZ BrMZK
005 20180828102033.0
007 ta
008 950313s1995 xr g fbcze d
015 |a cnb000110524 
020 |a 80-85636-37-9  |q (váz.) :  |c Kč 109,00 
035 |a (OCoLC)34629310 
040 |a ABA001  |b cze  |d BOA001 
043 |a e-xr--- 
045 |a w2w9 
072 7 |a 929  |x Biografie  |2 Konspekt  |9 8 
080 |a 929  |2 undef 
080 |a 885.0-31  |2 undef 
080 |a 910.4-051  |2 MRF 
080 |a (437.3)  |2 MRF 
080 |a (0:82-312.6)  |2 MRF 
100 1 |a Vaňková, Ludmila,  |d 1927-2022  |7 jk01141586  |4 aut 
245 1 0 |a Naprsquaw.  |n 1,  |p Čas voní dálkou /  |c Ludmila Vaňková 
246 3 0 |a Čas voní dálkou 
250 |a Vyd. 1. 
260 |a Praha :  |b Šulc a spol.,  |c 1995 
300 |a 453 s. :  |b il. ;  |c 21 cm 
500 |a Il. tit. list 
500 |a Graf. úprava Václav Rytina 
600 1 7 |a Náprstek, Vojta,  |d 1826-1894  |7 jk01082705  |2 czenas 
650 0 7 |a cestovatelé  |7 ph119109  |z Česko  |y 19. stol  |2 czenas 
655 7 |a biografické romány  |7 fd131905  |2 czenas 
655 7 |a české romány  |7 fd133974  |2 czenas 
700 1 |a Rytina, Václav,  |d 1945-2004  |7 jx20040906011  |4 art 
856 4 1 |u https://www.digitalniknihovna.cz/mzk/uuid/uuid:e294ba30-b7de-11e7-a6f3-005056827e52  |y Digitalizovaný dokument  |x NDK 
910 |a BOA001  |b 2-1012.707,1  |b PK-0123.946,1 
920 |a 000052295 
990 |a BK 
991 |f B-VAŇ 
996 6 |b 2610025863  |c 2-1012.707,1  |l MZK  |r Sklad / do 1 hodiny  |n 11  |p p.v.  |w 000032932  |u 000010  |a 1  |e BOA001  |j MZK50  |s P 
996 7 |b 3119001614  |c PK-0123.946,1  |l MZK  |r Sklad / do 1 hodiny  |n 11  |p kup  |w 000032932  |u 000020  |a 1  |e BOA001  |j MZK50  |s A